000 00434nam a22001697a 4500
003 CEME
005 20210628210300.0
008 210201b xxu||||| |||| 00| 0 eng d
040 _c.
082 _a297.64 LUD
100 _a39gwaq7peh7fjtfa4dxguurfn7gulq2pt
_978804
245 _aUmer bin abdul aziz
260 _aLAHORE
_bMAKTABA-E-DARUL-ULOOM
_c1996
300 _a192P
650 _aUMER BIN ABDUL AZIZ
_978831
942 _cBK
_2ddc
999 _c583904
_d583904